000 00740nam a22001695i 4500
001 158654
003 ES-MaACL
005 20230906211246.0
008 040901s1849 it a |||| | fre d
040 _aCAM
_bspa
_cCAM
245 0 0 _aManuel du voyageur à Rome
_b: avec l'indicateur des fêtes : suivi du tableau synoptique des empereurs tant paiens que chretiens des rois de France et des Papes.
260 _aRome :
_bJoseph Spithöver libraire,
_c1849 (
_fA. Bourliè)
300 _a290 p., [1] h. de lám. ;
_c13 cm.
599 _aLa h. de lám. grab. vista de la Plaza de San Pedro: "Valenti inc."
651 4 _aRoma-
_xDescripción.
_9137340
852 _aES-MaACL
_jZ-250
_xOlim: G-867
_z-- Enc. hol.
_z-- Legado M. de la Fuente
999 _c158654
_d158654